|
|
แสดงรายละเอียดบรรณานุกรม |
|
|
Brief Record
: Get Marc (ISO 2709)
: E-mail record
: |
|
|
| LEADER 00000nama 2200000uu 4500 | |||
| 001 198191 | |||
| 003 ULIBM | |||
| 008 040531s|||| th m m a000 0 tha d | |||
| 020 9789749773253 | |||
| 041 tha | |||
| 050 WO100 ศ338 2551 | |||
| 100 จักรพันธ์ นรเศรษฐ์...[และคนอื่นๆ]. | |||
| 245 ศัลยศาสตร์วิวัฒน์ 36/จักรพันธ์ เอื้อนรเศรษฐ์...[และคนอื่นๆ]. | |||
| 260 กรุงเทพฯ. กรุงเทพเวชสาร. 2551. | |||
| 300 564 หน้า. | |||
| 600 I.จักรพันธ์ เอื้อนรเศรษฐ์,บรรณาธิการ. | |||
| 650 1.ศัลยศาสตร์. | |||
| 995 001 | |||
| คุณยังไม่ได้ล็อกอิน คุณสามารถมีกิจกรรมร่วมกับเว็บไซต์ได้ แต่ต้องล็อกอินก่อน :: |
|
| สถานะ | |||||||||
| 1. | หนังสือทั่วไป สถานะ=หนังสือเก่า - บริการ ณ ห้องสมุด (ห้องเหลือง) | WO100 ศ338 2551 | On Shelf ขอยืม | ||||||
| 2. | หนังสือทั่วไป สถานะ=หนังสือเก่า - บริการ ณ ห้องสมุด (ห้องเหลือง) | WO100 ศ338 2551 | On Shelf ขอยืม | ||||||
| [แสดง 2/2 รายการ] | |||||||||
| รายการใกล้เคียง หัวเรื่อง [1.ศัลยศาสตร์.] |
BibComment |
| คอมเมนท์ทรัพยากรรายการนี้ |
|
|